All Lays Potato Chip Flavors - Statistics

General Stats
  • This quiz has been taken 439 times
  • The average score is 5 of 17
Answer Stats
Hint Answer % Correct
Also an event to host on holidays Barbecue
75%
You'll catch more flies with honey than this Salt and Vinegar
64%
A vegetable and the missing half of sweet and ____ Sour cream and Onion
61%
Comes in a yellow bag Classic
51%
Cheese and a taco topping Cheddar and Sour Cream
37%
"That's the tastiest crunch I've ever heard" Dill Pickle
28%
Bee's product and a good dipping sauce for chicken Honey BBQ
28%
Geographically skinny country and Spanish for Lemon Chile Limon
27%
Southern meal combining breakfast and dinner Chicken and Waffles
17%
Thai chili sauce Sriracha
13%
Goes great with pasta Cheesy Garlic Bread
12%
Southern version of #1 Sweet Southern Heat BBQ
11%
It's somehow not as heavy... Lightly Salted
10%
Hint: includes bacon Classic BLT
8%
Don't get this in your eyes Flamin' Hot
8%
Classic debate food with a classic herb Garden Tomato and Basil
8%
Lunch meat flavor Deli Style
3%
No matching quizzes found
Score Distribution
Percent of People with Each Score
Percentile by Number Answered
Your Score History
You have not taken this quiz